Eu strategic marketing guide 2000 : (Registro nro. 3176)

Detalles MARC
000 -CABECERA
Campo de control 00713nam a2200217 i 4500
005 - FECHA Y HORA DE LA ULTIMA TRANSACCION
Campo de control 20191224041700.0
008 - ELEMENTOS DE LONGITUD FIJA—INFORMACION GENERAL
Campo de control 140310s2002 ne ||||| |||| 00| 0 eng d
040 ## - FUENTE DE CATALOGACIÓN
Agencia catalogadora original CO-BoIAVH
Agencia transcriptora CO-BoIAVH
041 ## - IDIOMA
Código de idioma para texto/pista de sonido o título separado Inglés
082 04 - NUMERO DE CLASIFICACION DECIMAL DEWEY
Número de clasificación 615.19
Número del ítem M34m
245 03 - MENCION DE TITULO
Título Eu strategic marketing guide 2000 :
Parte restante del título natural ingredients for pharmaceuticals
260 ## - PUBLICACION, DISTRIBUCION, ETC. (PIE DE IMPRENTA)
Lugar de publicación, distribución, etc. Rotterdam :
Nombre del editor, distribuidor, etc. CBI,
Fecha de publicación, distribución, etc. 2000.
300 ## - DESCRIPCION FISICA
Extensión 2 vol.
650 14 - ASIENTO SECUNDARIO DE MATERIA - TERMINO TEMATICO
Término temático o nombre geográfico como elemento de entrada Industria farmaceútica
9 (RLIN) 18834
650 26 - ASIENTO SECUNDARIO DE MATERIA - TERMINO TEMATICO
Término temático o nombre geográfico como elemento de entrada Plantas medicinales
9 (RLIN) 52302
650 26 - ASIENTO SECUNDARIO DE MATERIA - TERMINO TEMATICO
Término temático o nombre geográfico como elemento de entrada Plantas aromáticas
9 (RLIN) 2208
650 26 - ASIENTO SECUNDARIO DE MATERIA - TERMINO TEMATICO
Término temático o nombre geográfico como elemento de entrada Extractos vegetales
9 (RLIN) 18764
650 26 - ASIENTO SECUNDARIO DE MATERIA - TERMINO TEMATICO
Término temático o nombre geográfico como elemento de entrada Certificación ambiental
9 (RLIN) 4417
710 ## - ASIENTO SECUNDARIO - NOMBRE CORPORATIVO
Nombre corporativo o de jurisdicción como elemento de entrada Centre for Promotion of Imports from Developing Countries, CBI
9 (RLIN) 18761
942 ## - ELEMENTOS ADICIONALES (KOHA)
Tipo de ítem Libro
Sistema de clasificación Dewey Decimal Classification
Existencias
Withdrawn status Lost status Sistema de Clasificación Damaged status No para préstamo Colección Inventariado Ubicación Permanente Ubicación actual Fecha de adquisición Fuente de Valor Total Checkouts Número topográfico Inventario / Código de Barras Date last seen Ejemplar Price effective from Tipo de material
    Dewey Decimal Classification     General Inventariado 2017 Bogotá Bogotá 02/04/2003 Biocomercio   LB-615.19 M34m 005194 04/12/2012 V. 2 Ej. 1 04/12/2012 Libro
    Dewey Decimal Classification     General Inventariado 2017 Bogotá Bogotá 18/01/2016     LB-615.19 M34m 005192 18/01/2016 V. 1 Ej. 1 18/01/2016 Libro
    Dewey Decimal Classification     General Inventariado 2017 Sala Fabio Quevedo Sala Fabio Quevedo 02/04/2003 Biocomercio   LB-615.19 M34m 005195 04/12/2012 V. 2 Ej.2 04/12/2012 Libro